Neportrét

Podrobná bibliografia
Hlavný autor: Chýlková, Ivana, 1963- (Autor)
Médium: Článok
Jazyk:slovenčina
Fyzický popis:Fot. 1.
Predmet:

MARC

LEADER 00000nab a2200000 a 4500
001 vtls000423273
003 SK-MaSNL
005 20260304232540.0
008 120925c1991 xo 0 slo
015 |a SNBRB19rr/mm-uuuuu 
035 |a CL0423401 
040 |a SNKBUCL  |b slo  |c SNKBUCL  |e AACR2 
041 0 |a slo 
044 |a xo  |c SK 
080 |a 792.071.2  |2 1981 
080 |a 791.44.071.2  |2 1981 
080 |a 929 Chýlková, Ivana  |2 1981 
245 0 0 |a Neportrét  |c Ivana Chýlková, -lh- 
300 |b Fot. 1. 
600 1 7 |a Chýlková, Ivana,  |d 1963-  |2 snkbucl  |9 24805 
655 7 |a rozhovory  |2 snkbucl  |9 31831 
655 7 |a články z novín a časopisov  |2 snkbucl  |9 267496 
700 1 |a Chýlková, Ivana,  |d 1963-  |4 aut  |9 24805 
773 0 |t Film Fan  |g Roč. 1, č. 5 (1991), s. /52-53/ 
850 |a Slovenská národná knižnica v Martine  |a MTA001 
852 |a SNK  |b KIS3GCP 
958 |a CZ 
958 |a BC 
992 |a RBX 
999 |c 3194313  |d 3196243